[Event "20ème Open de Saint-Affrique"]
[Site "Saint Affrique (11)"]
[Date "2012.07.21"]
[Round "1.1"]
[White "Hamdouchi, Hicham"]
[Black "Boualit, Teresa-Eliza"]
[Result "1-0"]
[WhiteElo "2627"]
[BlackElo "1730"]
[PlyCount "51"]
[EventDate "2012.??.??"]

1. e4 d6 2. d4 g6 3. Nc3 Bg7 4. Be3 Nc6 5. Qd2 e5 6. Nge2 Nf6 7. f3 Bd7 8.
O-O-O a5 9. g4 Qe7 10. Kb1 Nb4 11. a3 Na6 12. Ng3 b6 13. g5 Ng8 14. Nd5 Qd8 15.
dxe5 Bxe5 16. f4 Bg7 17. Bd4 f6 18. Bxa6 Rxa6 19. Qc3 Kf7 20. gxf6 Bxf6 21.
Nxf6 Nxf6 22. Qc4+ Be6 23. Qxa6 Re8 24. f5 gxf5 25. exf5 Bd5 26. Bxf6 1-0

[Event "20ème Open de Saint-Affrique"]
[Site "Saint Affrique (11)"]
[Date "2012.07.21"]
[Round "1.2"]
[White "Blanchon, Pascal"]
[Black "Degraeve, Jean-Marc"]
[Result "0-1"]
[WhiteElo "1727"]
[BlackElo "2580"]
[PlyCount "46"]
[EventDate "2012.??.??"]

1. e4 Nf6 2. Nc3 d5 3. e5 Nfd7 4. d4 Nb6 5. f4 Bf5 6. Nf3 e6 7. a3 c5 8. Be2
Nc6 9. b3 cxd4 10. Nb5 Be4 11. Bb2 Rc8 12. Rc1 a6 13. Nbxd4 Nxd4 14. Qxd4 Bxc2
15. Bd1 Bg6 16. O-O Rxc1 17. Bxc1 Nd7 18. Kh1 Be7 19. b4 O-O 20. Bb2 Nb6 21.
Nd2 Nc4 22. Be2 Nxb2 23. Qxb2 a5 0-1

[Event "20ème Open de Saint-Affrique"]
[Site "Saint Affrique (11)"]
[Date "2012.07.21"]
[Round "1.3"]
[White "Gozzoli, Yannick"]
[Black "Eshghabadi, Asghar"]
[Result "1-0"]
[WhiteElo "2547"]
[BlackElo "1723"]
[PlyCount "39"]
[EventDate "2012.??.??"]

1. d4 e6 2. c4 c5 3. d5 exd5 4. cxd5 d6 5. Nc3 g6 6. e4 Bg7 7. Bd3 Nf6 8. h3
O-O 9. Nf3 a6 10. a4 Qc7 11. O-O Nbd7 12. Bf4 Nh5 13. Be3 c4 14. Be2 Re8 15.
Nd2 Nhf6 16. Bxc4 Nxe4 17. Ncxe4 Rxe4 18. Nxe4 Qxc4 19. Nxd6 Qh4 20. Rc1 1-0

[Event "20ème Open de Saint-Affrique"]
[Site "Saint Affrique (11)"]
[Date "2012.07.21"]
[Round "1.4"]
[White "Legrand, Vincent"]
[Black "Ardelean, George-Catalin"]
[Result "0-1"]
[WhiteElo "1720"]
[BlackElo "2510"]
[PlyCount "84"]
[EventDate "2012.??.??"]

1. e4 c5 2. Nf3 d6 3. d4 cxd4 4. Nxd4 Nf6 5. Nc3 a6 6. Be3 e5 7. Nb3 Be6 8. Qd2
Nbd7 9. O-O-O Be7 10. Be2 b5 11. a3 Rc8 12. Kb1 Nb6 13. f3 Nc4 14. Bxc4 bxc4
15. Nc1 Qd7 16. f4 Qb7 17. N1e2 Rb8 18. Qc1 Nxe4 19. Nxe4 Qxe4 20. Ng3 Qb7 21.
fxe5 dxe5 22. Ka1 c3 23. b3 O-O 24. Ne2 Rfc8 25. Rd3 Qb5 26. Nxc3 Qa5 27. Nb1
Bxb3 28. Bd2 Qa4 29. Rxb3 Rxb3 30. cxb3 Rxc1 31. Rxc1 Qd7 32. Ba5 f6 33. Rc7
Qe6 34. Kb2 e4 35. Rc2 f5 36. Re2 Qe5+ 37. Bc3 Qxh2 38. Bd4 h5 39. Nc3 Bxa3+
40. Ka2 Qd6 41. Be3 Bb4 42. Rd2 Qc7 0-1

[Event "20ème Open de Saint-Affrique"]
[Site "Saint Affrique (11)"]
[Date "2012.07.21"]
[Round "1.5"]
[White "Libiszewski, Fabien"]
[Black "Boualit, Michael"]
[Result "1-0"]
[WhiteElo "2505"]
[BlackElo "1719"]
[PlyCount "91"]
[EventDate "2012.??.??"]

1. e4 e5 2. Nf3 Nf6 3. Nc3 Bb4 4. Nxe5 O-O 5. Be2 Re8 6. Nd3 Bxc3 7. dxc3 Nxe4
8. O-O b6 9. Nf4 h6 10. Bf3 Bb7 11. Re1 d6 12. Nd5 f5 13. Bf4 Nd7 14. Bh5 Rf8
15. f3 Nef6 16. Ne7+ Kh8 17. Ng6+ Kg8 18. Ne7+ Kh8 19. Bg6 Ne5 20. Bxe5 Qxe7
21. Bd4 Qd7 22. c4 Rad8 23. Qd3 Ng8 24. Rad1 c5 25. Bc3 Ne7 {#} 26. Qe3 Nxg6
27. Qxh6+ Kg8 28. Qxg6 Qf7 29. Rxd6 Rxd6 30. Qxd6 Re8 31. Re5 Rxe5 32. Qxe5 Kh7
33. Kf2 Bc8 34. b3 Be6 35. a4 Qd7 36. h4 Qf7 37. g3 Qd7 38. Ke3 Qf7 39. Qd6 Kg6
40. Be5 Qd7 41. Qxd7 Bxd7 42. Bb8 a6 43. Ba7 b5 44. cxb5 axb5 45. axb5 c4 46.
bxc4 1-0

[Event "20ème Open de Saint-Affrique"]
[Site "Saint Affrique (11)"]
[Date "2012.07.21"]
[Round "1.7"]
[White "Cioara, Andrei-Nestor"]
[Black "Desarnaud, Manon"]
[Result "1-0"]
[WhiteElo "2484"]
[BlackElo "1714"]
[PlyCount "49"]
[EventDate "2012.??.??"]

1. d4 d5 2. c4 e6 3. Nf3 Nf6 4. g3 c5 5. Bg2 Nc6 6. O-O Bd7 7. cxd5 Nxd5 8. e4
Nb6 9. d5 Nb4 10. a3 Na6 11. Nc3 exd5 12. exd5 Be7 13. d6 Bf6 14. Re1+ Be6 15.
Ne5 Rb8 16. Bf4 O-O 17. Nb5 Bxe5 18. Bxe5 Qd7 19. Nc7 Bg4 20. Qc1 f6 21. Bf4 g5
22. Re7 Qd8 23. Qc2 f5 24. Ne6 Qc8 25. Qc3 1-0

[Event "20ème Open de Saint-Affrique"]
[Site "Saint Affrique (11)"]
[Date "2012.07.21"]
[Round "1.8"]
[White "Bertrand, Meryl"]
[Black "Flear, Glenn C"]
[Result "0-1"]
[WhiteElo "1712"]
[BlackElo "2476"]
[PlyCount "102"]
[EventDate "2012.??.??"]

1. d4 d5 2. Bf4 Nf6 3. e3 c5 4. c3 Nc6 5. Nf3 Qb6 6. Qb3 c4 7. Qc2 Bf5 8. Qc1
h6 9. h3 e6 10. Be2 Qd8 11. Bd1 b5 12. a3 a5 13. Bc2 Be7 14. Nbd2 O-O 15. O-O
b4 16. axb4 axb4 17. Bxf5 exf5 18. cxb4 Bxb4 19. Qc2 Qd7 20. Ne5 Qb7 21. Ndf3
Ne4 22. Ra4 Rxa4 23. Qxa4 Nxe5 24. Nxe5 Ra8 25. Qc6 Qxc6 26. Nxc6 Bf8 27. f3
Nd2 28. Rf2 Ra1+ 29. Kh2 Nf1+ 30. Kg1 Nxe3+ 31. Kh2 Nd1 32. Rf1 g5 33. Be5 Kh7
34. Re1 Kg6 35. Kg1 f6 36. Bg3 f4 37. Bf2 Bd6 38. Kf1 Ra6 39. Rxd1 Rxc6 40. Be1
Rb6 41. Rd2 Bb4 42. Rc2 Bxe1 43. Kxe1 Kh5 44. Kf2 Kh4 45. Re2 h5 46. Rc2 Rb3
47. Rd2 f5 48. Ke2 Kg3 49. Kf1 c3 50. bxc3 Rxc3 51. Rb2 Rc4 0-1

[Event "20ème Open de Saint-Affrique"]
[Site "Saint Affrique (11)"]
[Date "2012.07.21"]
[Round "1.9"]
[White "Petrossian, Armen"]
[Black "Goulesque, Camille"]
[Result "1-0"]
[WhiteElo "2437"]
[BlackElo "1708"]
[PlyCount "49"]
[EventDate "2012.??.??"]

1. e4 c5 2. Nf3 d6 3. Bb5+ Nd7 4. d4 a6 5. Bxd7+ Bxd7 6. dxc5 dxc5 7. O-O e6 8.
Nc3 Ne7 9. Ne5 Nc6 10. Nxd7 Qxd7 11. Qxd7+ Kxd7 12. Rd1+ Ke8 13. Be3 b5 14. f4
h5 15. e5 Na5 16. b3 Nb7 17. a4 b4 18. Ne4 Rc8 19. c3 bxc3 20. Rac1 c2 21. Rxc2
Be7 22. b4 c4 23. Rd4 Bxb4 24. Rdxc4 Kd7 25. Rd4+ 1-0

[Event "20ème Open de Saint-Affrique"]
[Site "Saint Affrique (11)"]
[Date "2012.07.21"]
[Round "1.10"]
[White "Boulier, Rene"]
[Black "Karpatchev, Aleksandr"]
[Result "0-1"]
[WhiteElo "1707"]
[BlackElo "2431"]
[PlyCount "52"]
[EventDate "2012.??.??"]

1. e4 e5 2. Nf3 Nc6 3. Bc4 Nf6 4. d3 Be7 5. a3 O-O 6. O-O a6 7. b4 d6 8. h3 h6
9. Be3 d5 10. exd5 Nxd5 11. Bxd5 Qxd5 12. Nc3 Qe6 13. Re1 Qg6 14. Kh2 Bd6 15.
Ne4 f5 16. Nxd6 cxd6 17. Nh4 Qf6 18. Qh5 Bd7 19. g3 f4 20. Bb6 Ne7 21. c3 Nd5
22. Ba5 fxg3+ 23. fxg3 Qf2+ 24. Ng2 Rf3 25. Qg6 Ne7 26. Qxd6 Rxg3 0-1

[Event "20ème Open de Saint-Affrique"]
[Site "Saint Affrique (11)"]
[Date "2012.07.21"]
[Round "1.29"]
[White "Weill, Roland"]
[Black "Sakwinski, Jean-Francois"]
[Result "1-0"]
[WhiteElo "2213"]
[BlackElo "1613"]
[PlyCount "91"]
[EventDate "2012.??.??"]

1. e4 e5 2. Nf3 Nc6 3. Bb5 a6 4. Ba4 Nf6 5. O-O Be7 6. Qe2 b5 7. Bb3 O-O 8. Rd1
d6 9. c3 d5 10. d3 d4 11. cxd4 Nxd4 12. Nxd4 exd4 13. Bf4 Be6 14. Nd2 Rc8 15.
Rac1 Bg4 16. f3 Be6 17. Bxe6 fxe6 18. Rc6 Nh5 19. Bg3 Nxg3 20. hxg3 e5 21. Nf1
Rf6 22. Rdc1 a5 23. Qc2 Bd6 24. Qb3+ Kf8 25. Qd5 Rb8 {#} 26. f4 exf4 27. e5 Rf5
28. exd6 Rxd5 29. dxc7 Qe8 30. cxb8=Q Qxb8 31. Rc8+ Rd8 32. Rxb8 Rxb8 33. gxf4
Kf7 34. Ng3 Rb6 35. Ne4 h6 36. f5 Ke7 37. Rc7+ Kf8 38. g4 Kg8 39. Kg2 Kf8 40.
Kg3 Kg8 41. Kh4 Kf8 42. Kh5 Kg8 43. f6 gxf6 44. Kg6 f5+ 45. Nf6+ Kf8 46. Rf7#
1-0

[Event "20ème Open de Saint-Affrique"]
[Site "Saint Affrique (11)"]
[Date "2012.07.21"]
[Round "1.42"]
[White "Veschambre, Antoine"]
[Black "Mania, Clement"]
[Result "0-1"]
[WhiteElo "1580"]
[BlackElo "2137"]
[PlyCount "72"]
[EventDate "2012.??.??"]

1. d4 g6 2. c4 f5 3. Nc3 Nf6 4. f3 c5 5. d5 d6 6. e4 Bg7 7. Bd3 fxe4 8. Bxe4
O-O 9. Nge2 Nbd7 10. O-O Ne5 11. Bd3 Rb8 12. Qc2 a6 13. a4 b6 14. Nf4 Ne8 15.
h4 Nxd3 16. Qxd3 Bd4+ 17. Kh1 e5 18. Nxg6 Bf5 19. Qe2 Bxg6 20. Bg5 Qd7 21. g4
h5 22. Ne4 Qh7 23. Rae1 hxg4 24. f4 Bxe4+ 25. Qxe4 Qxe4+ 26. Rxe4 Nf6 27. Bxf6
Rxf6 28. f5 Kf7 29. Rxg4 Rg8 30. Rg5 Rh6 31. Kg2 Rxh4 32. Rxg8 Kxg8 33. f6 Rf4
34. Rxf4 exf4 35. b3 Kf7 36. Kf3 Be3 0-1

[Event "20ème Open de Saint-Affrique"]
[Site "Saint Affrique (11)"]
[Date "2012.07.22"]
[Round "2.1"]
[White "Landy, Jean-Baptiste"]
[Black "Hamdouchi, Hicham"]
[Result "0-1"]
[WhiteElo "2006"]
[BlackElo "2627"]
[PlyCount "42"]
[EventDate "2012.??.??"]

1. e4 c5 2. Nc3 Nc6 3. g3 g6 4. Bg2 Bg7 5. d3 d6 6. f4 Nh6 7. Nf3 f5 8. O-O O-O
9. Re1 Bd7 10. e5 dxe5 11. Nxe5 Nxe5 12. fxe5 Ng4 13. Bf4 Bc6 14. Qd2 Qd4+ 15.
Be3 Nxe3 16. Qxe3 Bxe5 17. Nd5 Qxe3+ 18. Nxe3 Bxb2 19. Rab1 Bc3 20. Re2 Bd4 21.
Kf1 f4 0-1

[Event "20ème Open de Saint-Affrique"]
[Site "Saint Affrique (11)"]
[Date "2012.07.22"]
[Round "2.2"]
[White "Degraeve, Jean-Marc"]
[Black "Malassagne, Raphael"]
[Result "1-0"]
[WhiteElo "2580"]
[BlackElo "2012"]
[PlyCount "47"]
[EventDate "2012.??.??"]

1. e4 d5 2. exd5 Qxd5 3. Nc3 Qa5 4. g3 Nf6 5. Bg2 c6 6. Nge2 Bg4 7. h3 Bh5 8.
b4 Qc7 9. Rb1 e6 10. d3 Be7 11. O-O O-O 12. g4 Bg6 13. f4 h6 14. Qe1 Nbd7 15.
Kh1 Rfe8 16. b5 Nb6 17. bxc6 bxc6 18. Bd2 Rab8 19. Nd4 Nbd5 20. Rxb8 Rxb8 21.
f5 exf5 22. gxf5 Nxc3 23. Bxc3 Nh5 24. fxg6 1-0

[Event "20ème Open de Saint-Affrique"]
[Site "Saint Affrique (11)"]
[Date "2012.07.22"]
[Round "2.3"]
[White "Boghossian, Pierre"]
[Black "Gozzoli, Yannick"]
[Result "0-1"]
[WhiteElo "2002"]
[BlackElo "2547"]
[PlyCount "70"]
[EventDate "2012.??.??"]

1. e4 Nf6 2. Nc3 e5 3. Bc4 Bc5 4. d3 c6 5. Nf3 d6 6. h3 O-O 7. O-O b5 8. Bb3 a5
9. a4 b4 10. Ne2 Nbd7 11. c3 Ba6 12. Ng3 Bb6 13. Re1 Re8 14. d4 c5 15. dxe5
dxe5 16. c4 Nf8 17. Bg5 Ne6 18. Qxd8 Bxd8 19. Nf5 Nd7 20. Bxd8 Raxd8 21. Nd6
Rf8 22. Nb5 Nd4 23. Nfxd4 cxd4 24. Nc7 Nc5 25. Nxa6 Nxa6 26. Bd1 b3 27. Ra3 Nc5
28. Bg4 Rb8 29. Bd1 Rb4 30. Re2 Rfb8 31. f3 Rxc4 32. Rd2 Kf8 33. Kf1 Rc1 34.
Kf2 d3 35. Ke3 Rb4 0-1

[Event "20ème Open de Saint-Affrique"]
[Site "Saint Affrique (11)"]
[Date "2012.07.22"]
[Round "2.4"]
[White "Ardelean, George-Catalin"]
[Black "Scandella, Thierry"]
[Result "1-0"]
[WhiteElo "2510"]
[BlackElo "2003"]
[PlyCount "91"]
[EventDate "2012.??.??"]

1. c4 Nf6 2. Nc3 c5 3. g3 g6 4. Bg2 Bg7 5. e4 d6 6. d3 O-O 7. Nge2 Nc6 8. O-O
a6 9. h3 Rb8 10. f4 Bd7 11. a4 Ne8 12. Be3 Nc7 13. d4 cxd4 14. Nxd4 Ne6 15.
Nde2 Re8 16. Rc1 Nc7 17. c5 dxc5 18. Bxc5 e5 19. Nd5 Nxd5 20. exd5 Nd4 21. Nxd4
exd4 22. Bxd4 Bxd4+ 23. Qxd4 Qa5 24. b3 Re2 25. Rc5 Qd8 26. Rf2 Re1+ 27. Kh2 b5
28. Qc3 Qe8 29. a5 Re3 30. Qb2 Qe7 31. b4 Re8 32. Qd4 Qd6 33. Rcc2 Rb3 34. Qc5
Qf6 35. Rfe2 Rxe2 36. Rxe2 Qc3 37. Qxc3 Rxc3 38. Re7 Bc8 39. d6 Kf8 40. Bd5
Rc2+ 41. Kg1 Rd2 42. d7 Bxd7 43. Rxd7 Ke8 44. Rxf7 Rxd5 45. Rxh7 Rd4 46. Rg7
1-0

[Event "20ème Open de Saint-Affrique"]
[Site "Saint Affrique (11)"]
[Date "2012.07.22"]
[Round "2.5"]
[White "Viennois, Romain"]
[Black "Libiszewski, Fabien"]
[Result "0-1"]
[WhiteElo "1995"]
[BlackElo "2505"]
[PlyCount "80"]
[EventDate "2012.??.??"]

1. e4 c5 2. c3 Nf6 3. e5 Nd5 4. Nf3 Nc6 5. Bc4 Nb6 6. Bb3 c4 7. Bc2 Qc7 8. Qe2
g5 9. e6 dxe6 10. Nxg5 Qe5 11. d4 cxd3 12. Bxd3 Qxe2+ 13. Kxe2 h6 14. Ne4 Ne5
15. Bc2 Bd7 16. a4 Bc6 17. f4 Ned7 18. a5 Nc4 19. Kf2 Rg8 20. Rg1 Nf6 21. Nbd2
Ng4+ 22. Ke2 Nxd2 23. Nxd2 Nxh2 24. Be4 Bxe4 25. Nxe4 Ng4 26. Nc5 O-O-O 27. Ra4
Rd5 28. Rc4 Kb8 29. Rd1 Nf6 30. Rxd5 exd5 31. Rb4 Kc8 32. Nxb7 e6 33. Rb5 Rxg2+
34. Kf3 Rc2 35. Be3 a6 36. Rb6 Ne4 37. Bd4 Nd2+ 38. Ke2 Nc4+ 39. Kd1 Rd2+ 40.
Kc1 Nxb6 0-1

[Event "20ème Open de Saint-Affrique"]
[Site "Saint Affrique (11)"]
[Date "2012.07.22"]
[Round "2.6"]
[White "Riff, Jean-Noel"]
[Black "Canonge, Lionel"]
[Result "1-0"]
[WhiteElo "2500"]
[BlackElo "1996"]
[PlyCount "77"]
[EventDate "2012.??.??"]

1. e4 c5 2. Nf3 d6 3. d4 cxd4 4. Nxd4 Nf6 5. Nc3 a6 6. Be2 e5 7. Nb3 Be7 8. O-O
O-O 9. Re1 Be6 10. Bf3 Nbd7 11. a4 b6 12. Nd2 Qc7 13. Nf1 Rac8 14. Ne3 Qb7 15.
Qe2 Nc5 16. Nf5 Bxf5 17. exf5 e4 18. Nxe4 Ncxe4 19. Bxe4 Nxe4 20. Qxe4 Qxe4 21.
Rxe4 Bf6 22. c3 d5 23. Rb4 a5 24. Rxb6 d4 25. cxd4 Bxd4 26. Rd6 Rfe8 27. Kf1
Bc5 28. Rd5 Bb4 29. Be3 Rc2 30. b3 h5 31. Rad1 Kh7 32. Rd7 f6 33. h3 Re5 34. g4
hxg4 35. hxg4 Re4 36. g5 fxg5 37. f6 Kg6 38. fxg7 Re8 39. R1d5 1-0

[Event "20ème Open de Saint-Affrique"]
[Site "Saint Affrique (11)"]
[Date "2012.07.22"]
[Round "2.7"]
[White "Berthelot, Nathan"]
[Black "Cioara, Andrei-Nestor"]
[Result "0-1"]
[WhiteElo "1978"]
[BlackElo "2484"]
[PlyCount "26"]
[EventDate "2012.??.??"]

1. e4 c6 2. Nc3 d5 3. Qf3 d4 4. Bc4 e6 5. Nce2 Ne7 6. Qg3 c5 7. Nf3 a6 8. a4
Nbc6 9. O-O Ng6 10. d3 Bd6 11. Nf4 Qc7 12. e5 Ncxe5 13. Nxg6 {#} 13... Nxf3+
0-1

[Event "20ème Open de Saint-Affrique"]
[Site "Saint Affrique (11)"]
[Date "2012.07.22"]
[Round "2.8"]
[White "Flear, Glenn C"]
[Black "Saez, Nicolas"]
[Result "1-0"]
[WhiteElo "2476"]
[BlackElo "1975"]
[PlyCount "41"]
[EventDate "2012.??.??"]

1. d4 d5 2. c4 e6 3. Nc3 c6 4. Nf3 Bd6 5. e4 dxe4 6. Nxe4 Nf6 7. Nxd6+ Qxd6 8.
Bd3 O-O 9. O-O c5 10. dxc5 Qxc5 11. Bf4 Qh5 12. Re1 Nbd7 13. Nd4 a6 14. Qxh5
Nxh5 15. Bd6 Re8 16. Nf5 Nb6 17. Ne7+ Kh8 18. c5 Rd8 19. Be4 Rd7 20. cxb6 Rxd6
21. Rad1 1-0

[Event "20ème Open de Saint-Affrique"]
[Site "Saint Affrique (11)"]
[Date "2012.07.23"]
[Round "2.9"]
[White "Lopez, Gerard"]
[Black "Petrossian, Armen"]
[Result "0-1"]
[WhiteElo "1974"]
[BlackElo "2437"]
[PlyCount "124"]
[EventDate "2012.??.??"]

1. e4 e5 2. Nf3 Nc6 3. Bc4 Bc5 4. Nc3 Nf6 5. d3 d6 6. Na4 Bb6 7. Nxb6 axb6 8.
h3 Be6 9. Bxe6 fxe6 10. O-O O-O 11. Bg5 h6 12. Bxf6 Qxf6 13. c3 Qg6 14. Nh4 Qg5
15. Nf3 Qf4 16. Qd2 b5 17. Qxf4 Rxf4 18. a3 g5 19. Nd2 Kg7 20. Nb3 h5 21. f3
Raf8 22. Rad1 Kg6 23. Nd2 d5 24. Nb3 b6 25. Nd2 Rd8 26. Nb3 g4 27. hxg4 hxg4
28. Kf2 Rdf8 29. Ke2 Rh8 30. Rh1 gxf3+ 31. gxf3 Rfh4 32. Rxh4 Rxh4 33. Rg1+ Kf6
34. Kf2 Rh2+ 35. Rg2 Rh1 36. Rg1 Rh8 37. Rg2 Ne7 38. Nc1 Rd8 39. Ke3 d4+ 40.
Kd2 c5 41. cxd4 exd4 42. Ne2 Rh8 43. f4 Rh3 44. Rf2 {#} 44... c4 45. Nc1 Re3
46. e5+ Kf5 47. a4 Nd5 48. axb5 cxd3 49. Nxd3 Ke4 50. Nc1 Nxf4 51. Rh2 Kxe5 52.
Rh8 Rg3 53. Rb8 Rg2+ 54. Kd1 d3 55. Rxb6 d2 56. Nb3 Nd5 57. Rxe6+ Kxe6 58. Nxd2
Ne3+ 59. Ke1 Nc2+ 60. Kd1 Nd4 61. Nc4 Nxb5 62. Kc1 Kd5 0-1

[Event "20ème Open de Saint-Affrique"]
[Site "Saint Affrique (11)"]
[Date "2012.07.22"]
[Round "2.10"]
[White "Karpatchev, Aleksandr"]
[Black "Renaux, Osmin"]
[Result "1-0"]
[WhiteElo "2431"]
[BlackElo "1970"]
[PlyCount "67"]
[EventDate "2012.??.??"]

1. e4 e5 2. Nf3 Nc6 3. Bc4 Nf6 4. d3 Be7 5. O-O O-O 6. Re1 d6 7. a4 Bg4 8. h3
Be6 9. Nc3 Qd7 10. a5 a6 11. Nd5 Bxd5 12. Bxd5 Nxd5 13. exd5 Nb4 14. c4 Qf5 15.
Ra3 c5 16. dxc6 bxc6 17. c5 Rfe8 18. Rb3 Rab8 19. Re4 Nd5 20. Rxb8 Rxb8 21.
cxd6 Bxd6 22. Qc2 Nf6 23. Re1 c5 24. Qc4 Rb5 25. Bd2 h6 26. Bc3 Nd7 27. Qd5 Qf6
28. Qa8+ Nb8 29. Nxe5 Bxe5 30. Rxe5 Qc6 31. Qa7 Nd7 32. Re7 Rb7 33. Qa8+ Kh7
34. Rxf7 1-0

[Event "20ème Open de Saint-Affrique"]
[Site "Saint Affrique (11)"]
[Date "2012.07.22"]
[Round "2.18"]
[White "Cattaneo, Romain"]
[Black "Saada, Julien"]
[Result "1-0"]
[WhiteElo "1915"]
[BlackElo "2315"]
[PlyCount "131"]
[EventDate "2012.??.??"]

1. e4 c6 2. d4 d5 3. Nd2 dxe4 4. Nxe4 Bf5 5. Ng3 Bg6 6. Nf3 Nd7 7. h4 h6 8. Bd3
Bxd3 9. Qxd3 Qc7 10. Bd2 e6 11. O-O-O Ngf6 12. Kb1 Bd6 13. Ne4 Nxe4 14. Qxe4
Nf6 15. Qe2 O-O-O 16. Ne5 Bxe5 17. dxe5 Nd5 18. Rh3 Rd7 19. Rd3 Rhd8 20. g3 Ne7
21. Be3 Rxd3 22. Rxd3 Rxd3 23. Qxd3 c5 24. f4 Nf5 25. b3 h5 26. a4 b6 27. Bd2
Qc6 28. Qa6+ Kb8 29. Qd3 Kc7 30. Kb2 Qg2 31. a5 Qb7 32. Qb5 Qc8 33. b4 Nd4 34.
Qd3 Qb7 {#} 35. Qh7 bxa5 36. Qxg7 Kb6 37. bxc5+ Kxc5+ 38. Kc1 Kb5 39. Qh7 Qf3
40. Qxf7 Qc6 41. c3 a4 42. Qxa7 Nb3+ 43. Kd1 Qf3+ 44. Kc2 Qe4+ 45. Kb2 Qd5 46.
c4+ Qxc4 47. Qb7+ Kc5 48. Be3+ Nd4 49. Qc7+ Kd5 50. Qxc4+ Kxc4 51. Bxd4 Kxd4
52. Ka3 Ke4 53. Kxa4 Kf5 54. Kb5 Kg4 55. Kc5 Kxg3 56. f5 exf5 57. e6 f4 58. e7
f3 59. e8=Q f2 60. Qe5+ Kg2 61. Qg5+ Kh2 62. Qf4+ Kg1 63. Kd4 f1=Q 64. Qxf1+
Kxf1 65. Ke3 Ke1 66. Kf4 1-0

[Event "20ème Open de Saint-Affrique"]
[Site "Saint Affrique (11)"]
[Date "2012.07.23"]
[Round "2.20"]
[White "Noireaut, Hung"]
[Black "Hamdouchi, Adina-Maria"]
[Result "1-0"]
[WhiteElo "1895"]
[BlackElo "2256"]
[PlyCount "59"]
[EventDate "2012.??.??"]

1. e4 g6 2. Nc3 Bg7 3. Bc4 d6 4. d3 Nf6 5. f4 c6 6. Qe2 O-O 7. Nf3 d5 8. Bb3
Na6 9. O-O Nc5 10. e5 Ne8 11. h3 Nxb3 12. axb3 c5 13. d4 cxd4 14. Nxd4 e6 15.
Be3 Bd7 16. b4 f6 17. Nf3 b6 18. Bd4 fxe5 19. fxe5 Qe7 20. b5 Nc7 21. Nh2 Rxf1+
22. Rxf1 Qb4 23. Qe3 Nxb5 24. Nxb5 Bxb5 25. Rf2 Rf8 26. Rf6 Bh6 27. Qf2 Rxf6
28. exf6 Qd2 29. f7+ Kf8 {#} 30. Bg7+ 1-0

[Event "20ème Open de Saint-Affrique"]
[Site "Saint Affrique (11)"]
[Date "2012.07.23"]
[Round "2.26"]
[White "Gertosio, Franck"]
[Black "Pigeat, Alexandre"]
[Result "0-1"]
[WhiteElo "2215"]
[BlackElo "1885"]
[PlyCount "80"]
[EventDate "2012.??.??"]

1. e4 c5 2. Nf3 e6 3. d4 cxd4 4. Nxd4 a6 5. Nc3 b5 6. Be2 Bb7 7. Bf3 d6 8. O-O
Nd7 9. g3 Ngf6 10. Re1 Be7 11. Bg2 Rb8 12. a3 O-O 13. g4 Ne5 14. g5 Nfd7 15. f4
Nc4 16. b3 Qa5 17. Qf3 Qb6 18. Qf2 Na5 19. Be3 Qc7 20. Nde2 Rbc8 21. Rad1 Nc6
22. Qf3 Ba8 23. Qh5 g6 24. Qh4 Rfe8 25. Rf1 Bf8 26. Rf3 Bg7 27. Bf2 Ne7 28.
Rfd3 d5 29. R1d2 Nf8 30. exd5 exd5 31. Nd4 Bxd4 32. Bxd4 Nf5 33. Qf2 Nxd4 34.
Qxd4 Ne6 35. Qf2 Nxf4 36. Bxd5 Nxd3 37. Rxd3 Rcd8 38. Qh4 Qc5+ 39. Qf2 Rxd5 40.
Nxd5 Re1+ 0-1

[Event "20ème Open de Saint-Affrique"]
[Site "Saint Affrique (11)"]
[Date "2012.07.22"]
[Round "2.40"]
[White "Mania, Clement"]
[Black "Randisi, Stephane"]
[Result "1-0"]
[WhiteElo "2137"]
[BlackElo "1810"]
[PlyCount "57"]
[EventDate "2012.??.??"]

1. f4 e6 2. Nf3 d5 3. g3 Nc6 4. d3 Nf6 5. Bg2 g6 6. O-O Bg7 7. Nc3 O-O 8. e4 e5
9. fxe5 Ng4 10. Bg5 Qe8 11. Nxd5 Qd7 12. d4 f5 13. exf6 Nxf6 14. Nxf6+ Bxf6 15.
Bxf6 Rxf6 16. d5 Ne7 17. e5 Rb6 18. Ng5 Nf5 19. Qd2 Qe7 20. e6 Rd6 21. g4 Nh6
22. Nf7 Nxf7 23. exf7+ Qxf7 24. Rxf7 Kxf7 25. Rf1+ Kg8 26. Qf4 Bd7 27. Qf7+ Kh8
28. Rf6 Rxf6 29. Qxf6+ 1-0

[Event "20ème Open de Saint-Affrique"]
[Site "Saint Affrique (11)"]
[Date "2012.07.23"]
[Round "2.42"]
[White "Lewis, John"]
[Black "Schegerin, Andre"]
[Result "0-1"]
[WhiteElo "2118"]
[BlackElo "1788"]
[PlyCount "86"]
[EventDate "2012.??.??"]

1. d4 f5 2. g3 Nf6 3. Bg2 g6 4. c3 Bg7 5. Qb3 c6 6. Na3 Qb6 7. Nc4 Qd8 8. Nf3
d5 9. Nce5 Ne4 10. Nd3 Nd7 11. Bf4 Ndf6 12. Nfe5 Qb6 13. Qc2 Be6 14. O-O O-O
15. f3 Nd6 16. Nc5 Bc8 17. Be3 Qc7 18. Kh1 Re8 19. Bg1 b6 20. Ncd3 Ba6 21. Nf4
e6 22. h4 Nd7 23. Nxd7 Qxd7 24. Rfe1 e5 25. dxe5 Bxe5 26. Rad1 Bxf4 27. gxf4
Qe7 28. Bf2 Qf6 29. e4 fxe4 30. fxe4 dxe4 31. Bxe4 Nxe4 32. Rxe4 Rxe4 33. Qxe4
Rf8 34. Rd7 Bc8 35. Qc4+ Rf7 36. Rxa7 Be6 37. Ra8+ Rf8 38. Qxc6 Qf5 39. Rxf8+
Kxf8 40. Qa8+ Kg7 41. Qb7+ Kh6 42. Qb8 Qh3+ 43. Kg1 Bd5 0-1

[Event "20ème Open de Saint-Affrique"]
[Site "Saint Affrique (11)"]
[Date "2012.07.22"]
[Round "2.58"]
[White "Boualit, Teresa-Eliza"]
[Black "Degeorges, Mathis"]
[Result "0-1"]
[WhiteElo "1730"]
[BlackElo "1522"]
[PlyCount "84"]
[EventDate "2012.??.??"]

1. d4 Nf6 2. Bf4 d5 3. e3 e6 4. Nf3 c5 5. c3 Nc6 6. Bb5 Bd7 7. Nbd2 Be7 8. Ne5
Nxe5 9. Bxd7+ Nexd7 10. Qf3 cxd4 11. exd4 Nb6 12. O-O Rc8 13. Rfe1 Bd6 14. Bg5
h6 15. Qh3 Rf8 16. Bh4 g5 17. Bg3 Bxg3 18. fxg3 h5 19. Nf3 g4 20. Qh4 gxf3 21.
gxf3 Nc4 22. Re2 Nd6 23. Rae1 Kd7 24. Qf4 Qe7 25. Qh4 Rc4 26. Re5 b5 27. R1e2
b4 28. cxb4 Rxb4 29. Rd2 Nc4 30. Ree2 Nxd2 31. Rxd2 Ne4 32. Qxe7+ Kxe7 33. fxe4
dxe4 34. Kf2 Rd8 35. Ke3 e5 36. d5 Rd4 37. Rc2 R8xd5 38. Re2 f5 39. h3 Rd3+ 40.
Kf2 Rd2 41. Ke1 Rxe2+ 42. Kxe2 Rd3 0-1

[Event "20ème Open de Saint-Affrique"]
[Site "Saint Affrique (11)"]
[Date "2012.07.22"]
[Round "2.59"]
[White "Pont, Frederic"]
[Black "Blanchon, Pascal"]
[Result "1-0"]
[WhiteElo "1521"]
[BlackElo "1727"]
[PlyCount "59"]
[EventDate "2012.??.??"]

1. e4 e5 2. Nf3 Nc6 3. d4 exd4 4. Nxd4 Bc5 5. Be3 Qf6 6. c3 Nge7 7. g3 d5 8.
Bg2 dxe4 9. Bxe4 Ne5 10. O-O Ng4 11. Bf4 c6 12. Na3 O-O 13. Nac2 Rd8 14. Qe2
Ng6 15. Bc7 Re8 16. Qd3 Qe7 17. Bxg6 hxg6 18. Rae1 Qd7 19. Rxe8+ Qxe8 20. Re1
Qd7 21. Bf4 b5 22. Rd1 Bb7 23. Qf1 Rd8 24. Rd2 Nf6 25. Nb3 Bxf2+ 26. Qxf2 Qc8
27. Rxd8+ Qxd8 28. Qd4 Qe8 29. Qe5 Qa8 30. Qb8+ 1-0

[Event "20ème Open de Saint-Affrique"]
[Site "Saint Affrique (11)"]
[Date "2012.07.22"]
[Round "2.72"]
[White "Vignette, Jeanne"]
[Black "Grosse, Tomas"]
[Result "0-1"]
[WhiteElo "1682"]
[BlackElo "1470"]
[PlyCount "54"]
[EventDate "2012.??.??"]

1. e4 e5 2. Nf3 Nc6 3. Bc4 Bc5 4. c3 Nf6 5. d4 exd4 6. cxd4 Bb6 7. Nc3 O-O 8.
Bg5 d6 9. O-O Bg4 10. Nd5 Bxd4 11. Qb3 Bxf3 12. gxf3 Na5 13. Qd3 Nc6 14. f4 h6
15. Bh4 Re8 16. Kh1 Re6 17. Rab1 Qd7 18. Nxf6+ Rxf6 19. Bxf6 Bxf6 20. e5 Bh4
21. exd6 cxd6 22. Rg1 Bf6 23. b3 Rd8 24. Bd5 Nb4 25. Qd2 Qb5 26. Bf3 Nd3 {#}
27. Be2 Qd5+ 0-1

[Event "20ème Open de Saint-Affrique"]
[Site "Saint Affrique (11)"]
[Date "2012.07.22"]
[Round "2.84"]
[White "Boghossian, Hugo"]
[Black "Pigeat, Patrick"]
[Result "1-0"]
[WhiteElo "1370"]
[BlackElo "1609"]
[PlyCount "43"]
[EventDate "2012.??.??"]

1. e4 e6 2. d4 d5 3. Nc3 Nf6 4. Bg5 h6 5. Bxf6 Qxf6 6. exd5 Bb4 7. Bc4 O-O 8.
Nf3 exd5 9. Bxd5 Re8+ 10. Kf1 c6 11. Ne4 Qd8 12. Bb3 Bf5 13. Nc5 Bxc5 14. dxc5
Nd7 15. Qd6 Qa5 16. Nd4 Bg6 17. Qxg6 Ne5 18. Qh5 Qxc5 19. Nf3 Qb5+ 20. Kg1 Re7
21. Nxe5 Rae8 22. Bxf7+ 1-0